|
|
|
|
| LEADER |
01865cas a2200493 a 4500 |
| 001 |
11414936 |
| 005 |
20110908061631.0 |
| 008 |
880505d19881988enkfr p 0 a0eng c |
| 010 |
|
|
|a sf 93093547
|z sn 88020962
|
| 012 |
|
|
|a -3-7-1109070868-p-----
|
| 016 |
7 |
|
|a 723233--0
|2 DE-600
|
| 022 |
|
|
|a 0951-3574
|l 0951-3574
|
| 035 |
|
|
|a (OCoLC)ocm17896678
|
| 037 |
|
|
|b Rachel Beale, MCB University Press Limited, P.O. Box 10812, Birmingham, AL 35201
|
| 040 |
|
|
|a MH-BA
|b eng
|c MH-BA
|d MH
|d NST
|d GU
|d NST
|d FU
|d NST
|d DLC
|d MH
|d WaU
|d DLC
|d NLGGC
|d OCoLC
|d HEBIS
|d ViRCU
|d OCoLC
|
| 042 |
|
|
|a pcc
|
| 050 |
0 |
0 |
|a WMLC 93/1860
|
| 050 |
1 |
4 |
|a HF5601
|b .A167
|
| 245 |
0 |
0 |
|a Accounting, auditing, & accountability.
|
| 246 |
3 |
0 |
|a Accounting, auditing and accountability
|
| 260 |
|
|
|a [Bradford, West Yorkshire, England] :
|b MCB University Press,
|c c1988-
|
| 300 |
|
|
|a v. ;
|c 25 cm.
|
| 310 |
|
|
|a Two issues yearly
|
| 362 |
1 |
|
|a Ceased in 1988.
|
| 500 |
|
|
|a Title from cover.
|
| 530 |
|
|
|a Also issued via World Wide Web.
|
| 590 |
|
|
|a SERBIB/SERLOC merged record
|
| 650 |
|
0 |
|a Accounting
|v Periodicals.
|
| 650 |
|
0 |
|a Auditing
|v Periodicals.
|
| 650 |
|
0 |
|a Liability (Law)
|v Periodicals.
|
| 650 |
1 |
7 |
|a Accountancy.
|2 gtt
|
| 650 |
1 |
7 |
|a Auditing.
|2 gtt
|
| 776 |
1 |
|
|t Accounting, auditing and accountability (Online)
|w (OCoLC)43353944
|
| 785 |
0 |
0 |
|t Accounting, auditing, & accountability journal
|w (DLC)sn 91022763
|w (OCoLC)21278378
|
| 850 |
|
|
|a AU
|a DLC
|a DeU
|a FU
|a GU
|a IaU
|a MBU
|a MH-BA
|a MiDW
|a MsU
|a PBL
|a TxHR
|
| 859 |
4 |
1 |
|u http://www.emerald-library.com/cgi-bin/EMRtoc.cgi?level=2&jn=59&pnum=0
|
| 890 |
|
|
|a Accounting auditing & accountability.
|i sf93-93547
|
| 906 |
|
|
|a 7
|b cbc
|c serials
|d u
|e ncip
|f 19
|g n-oclcserc
|
| 920 |
|
|
|a Keep 1
|
| 984 |
|
|
|a srvf
|
| 985 |
|
|
|e eserial 200406
|
| 991 |
|
|
|b c-Ser
|h WMLC 93/1860
|w SERIALS
|
| 992 |
|
|
|b SER
|w SERLOC
|
| 999 |
|
|
|c 12378
|d 12378
|